| 000 | 00000nam##2200000za#4500 |
| 001 | 9.588024 |
| 003 | CaOODSP |
| 005 | 20210624194923 |
| 007 | cr ||||||||||| |
| 008 | 150406|2007||||xxc|||||o f|0| 0 fre|d |
| 022 | |a1701-1280 |
| 040 | |aCaOODSP|bfre |
| 041 | |aeng |
| 041 | |afre |
| 043 | |an-cn--- |
| 086 | 1 |aFs70-4/2006-042-PDF |
| 110 | 1 |aCanada. |bMinistère des pêches et des océans. |
| 245 | 10|aCompte rendu de l'atelier sur le cadre d'évaluation du crabe des neiges du sud du golfe du Saint-Laurent (zones 12, E, F et 19) Processus consultatif régional du Golfe : |h[ressource électronique]|bdu 11 au 14 octobre 2005 : Salle de conférence Miramichi, Centre des pêches du Golfe, Moncton (Nouveau-Brunswick) / |c[par] R. O'Boyle. |
| 260 | |aDartmouth - Nouvelle-Écosse : |bPêches et Océans Canada |cJuin 2007. |
| 300 | |a61p.|bcartes en couleur, graphiques, références, tableaux |
| 490 | 1 |aSecrétariat canadien de consultation scientifique, série des comptes rendus|x1701-1280|v2006/042 |
| 590 | |a11-31-Supp|b2011-12-13 |
| 720 | 1 |aO'Boyle, R. |
| 791 | |tProceedings of the assessment framework workshop on southern Gulf of St. Lawrence snow crab (areas 12, E, F and 19) Gulf Regional Advisory Process : |eeng|w(CaOODSP)9.588023 |
| 830 | #0|aCompte rendu (Secrétariat canadien de consultation scientifique)|x1701-1280|v2006/042|w(CaOODSP)9.500508 |
| 856 | 40|ahttp://publications.gc.ca|qPDF|s989 Ko|uhttps://publications.gc.ca/collections/collection_2011/mpo-dfo/Fs70-4-2006-042.pdf|y2006/042 |